| 000 | 00804nam a22002057a 4500 | ||
|---|---|---|---|
| 999 |
_c62163 _d62163 |
||
| 005 | 20250916191714.0 | ||
| 008 | 240725s1995 ge ||||| |||| 00| 0 ger d | ||
| 020 | _a 9783423033510 X | ||
| 041 | _ager | ||
| 080 | _a821.112.2.09 F-75 | ||
| 100 |
_aForster, Heinz _922936 |
||
| 245 |
_aDeutsche Literaturgeschichte : _bBand 11. Nachkriegszeit 1945 - 1968 / _c Heinz Forster, Paul Riegel. |
||
| 264 |
_aMünchen: _bDeutscher Taschenbuch Verlag, _c1995-2002. |
||
| 300 |
_a 489 pages.: _b20 cm. |
||
| 440 |
_aDtv. _922947 |
||
| 653 | _aDeutsche Literaturgeschichte | ||
| 653 | _aგერმანული ლიტერატურის ისტორია. ომისშემდგომი პერიოდი 1945 - 1968 წწ. | ||
| 700 |
_aRieger, Paul _922948 |
||
| 942 |
_2udc _cBK |
||